| 000 | 00787nas a2200265 4500 | ||
|---|---|---|---|
| 001 | BR9504476 | ||
| 003 | BR-BrBNA | ||
| 005 | 20231205094127.0 | ||
| 007 | ta | ||
| 008 | 230509b bl.|||p| |||| 00| 00por d | ||
| 040 |
_aBR-BrBNA _bpor _cBiblioteca Nacional de Agricultura |
||
| 041 | _a(Pt) | ||
| 072 | _aQ02 | ||
| 100 | 1 | _aRoca, R. de O. | |
| 100 | 1 | _aAlves, R.S.A. | |
| 100 | 1 | _aBonassi, I.A. | |
| 245 | 1 | _aVida de prateleira de fiambres elaborados com carne de frango | |
| 650 | _aCarne Tratada | ||
| 650 | _aFrango | ||
| 650 | _aAnalise Quimica | ||
| 650 | _aVida-de-Prateleira | ||
| 773 | 0 |
_tPesquisa Agropecuaria Brasileira (Brazil) _xISSN 0100-204X _g(Nov 1994), v. 29(11) p. 1769-1778 _wBR9504476 |
|
| 909 |
_a202311 _bLúcia _c55 _dLúcia Elande |
||
| 942 |
_2AGRIS _n0 _cANA |
||
| 999 |
_c142229 _d142229 |
||